Modern Interviews/ (Record no. 168607)

MARC details
000 -LEADER
fixed length control field 00352nam a2200133 4500
020 ## - INTERNATIONAL STANDARD BOOK NUMBER
International Standard Book Number 8171992145
Terms of availability 90.00
035 ## - SYSTEM CONTROL NUMBER
System control number B-224071
082 ## - DEWEY DECIMAL CLASSIFICATION NUMBER
Classification number 658.311
Item number BAT
100 ## - MAIN ENTRY--PERSONAL NAME
Personal name Mital,S.C.
245 ## - TITLE STATEMENT
Title Modern Interviews/
Statement of responsibility, etc S.C. Mital
260 ## - PUBLICATION, DISTRIBUTION, ETC. (IMPRINT)
Place of publication, distribution, etc Delhi
Name of publisher, distributor, etc Bright Careers institute
300 ## - PHYSICAL DESCRIPTION
Extent viii,280p.
942 ## - ADDED ENTRY ELEMENTS (KOHA)
Source of classification or shelving scheme Dewey Decimal Classification
Item type English Books
Classification part 658.31
Call number suffix BAT
Holdings
Withdrawn status Lost status Not for loan Collection code Home library Current library Date acquired Source of acquisition Cost, normal purchase price Full call number Barcode Cost, replacement price Koha item type
      Non-fiction Sarojini Nagar Sarojini Nagar 16/10/2019 Bright Careers institute 90.00 658.31 BAT B-224071 90.00 English Books

© Delhi Public Library
Hit Counter
free hit counter